Giáo trình y phục lễ tân

Wedi'i Gadw mewn:
Manylion Llyfryddiaeth
Prif Awdur: Nguyễn, Thị Cẩm Vân
Fformat: Llyfr
Iaith:Vietnamese
Cyhoeddwyd: H. Đại học Sư phạm 2007
Pynciau:
Tagiau: Ychwanegu Tag
Dim Tagiau, Byddwch y cyntaf i dagio'r cofnod hwn!
Thư viện lưu trữ: Mạng thư viện Đại học Đà Nẵng
LEADER 01033nam a2200325 4500
001 000013575
003 9919
005 20120604080614.0
008 120319s2007 viesd
041 0 |a vie 
082 |a 687.15  |b NG-V 
100 0 |a Nguyễn, Thị Cẩm Vân 
245 0 |a Giáo trình y phục lễ tân  |c Nguyễn Thị Cẩm Vân 
260 |a H.  |b Đại học Sư phạm  |c 2007 
300 |a 103 tr.  |c 24 cm 
500 |a Sách dành cho Cao đẳng Sư phạm 
653 |a Y phục 
653 |a Lễ tân 
653 |a Giáo trình 
910 |a duyên 
OWN |a LSP 
AVA |a UDN50  |b LSP  |d 687.15 NG-V  |e available  |t Error 5001 Not defined in file expand_doc_bib_avail.  |f 5  |g 0  |h N  |i 0  |k 1 
999 |a From the UDN01 
AVA |a UDN50  |b LSP  |d 687.15 NG-V  |e available  |t Error 5001 Not defined in file expand_doc_bib_avail.  |f 5  |g 0  |h N  |i 0  |k 1 
TYP |a Monograph 
TYP |a Printed language 
980 |a Mạng thư viện Đại học Đà Nẵng